Qui est-ce ? - Statistiques

Statistiques générales
  • Ce quiz a été pris 180 fois
  • Le résultat moyen est 5 sur 10
Statistiques - réponses
Par images Réponse % Correct
Beethoven
80%
Elvis Presley
73%
Abraham Lincoln
71%
Napoléon Bonaparte
71%
Jules César
59%
John Fitzgerald Kennedy
49%
Toutankhâmon
43%
Hannibal
6%
Madame de Pompadour
6%
Claude Monet
4%
Aucun quiz correspondant
Distribution des résultats
% des personnes avec chaque résultat
Percentile par nombre de réponses
Votre historique - résultats
Vous n’avez pas pris ce quiz